LIBRARY & INFORMATION CENTRE, KCAET, TAVANUR

ONLINE PUBLIC ACCESS CATALOGUE (OPAC)

Bharanabhasha: Akavum puravum | ഭരണഭാഷ : അകവും പുറവും (Record no. 17643)

MARC details
000 -LEADER
fixed length control field 00436nam a22001577a 4500
003 - CONTROL NUMBER IDENTIFIER
control field OSt
008 - FIXED-LENGTH DATA ELEMENTS--GENERAL INFORMATION
fixed length control field 230225b |||||||| |||| 00| 0 eng d
041 ## - LANGUAGE CODE
Language code of text/sound track or separate title mal
082 ## - DEWEY DECIMAL CLASSIFICATION NUMBER
Classification number 494.812
Item number GOP/BH
100 ## - MAIN ENTRY--AUTHOR NAME
Personal name Gopalakrishnan
245 ## - TITLE STATEMENT
Title Bharanabhasha: Akavum puravum
Remainder of title ഭരണഭാഷ : അകവും പുറവും
260 ## - PUBLICATION, DISTRIBUTION, ETC. (IMPRINT)
Place of publication Thiruvananthapuram
Year of publication 2020
300 ## - PHYSICAL DESCRIPTION
Number of Pages 96
942 ## - ADDED ENTRY ELEMENTS (KOHA)
Koha item type Books
250 ## - EDITION STATEMENT
-- 2nd
260 ## - PUBLICATION, DISTRIBUTION, ETC. (IMPRINT)
-- Chintha Publishers
Holdings
Withdrawn status Lost status Damaged status Home library Current library Date acquired Full call number Accession Number Koha item type
      KAUAET KAUAET 25/02/2023 494.812 GOP/BH 26097 Books
free website counter